00253nam a2200109Ia 4500100001900000654002200019245003800041260003400079082001000113300000800123546001200131 aDadhe/ Jamdar  aApplied Mechanics aFundementals of Applied Mechanics bSarita PrakashanaPoonac1973 a620.1 a564 aENGLISH